000
00213 a2200097 4500
001
47140
100
_a
Lands borough G
245
_a
Tobruck Commando
260
_a
London
_b
Cassell & Co
_c
090
_c
30197
_d
30197
942
_a
NUST-CAE
_c
M
_c
22444
999
_c
282213
_d
282213